000 00599nam a22002297a 4500
003 UA-OsUOA
001 88378
007 ta
008 20121003b un ||||| |||| 00| 0 ukr d
100 _aЯбров А. С.
090 _a821.161.2
_bЯ15
942 _cBK
040 _aUA-OsUOA
_bukr
_cUA-OsUOA
_dUA-OsUOA
245 _aЖди нас, океан!
_bповесть
300 _a207 с.
955 _a3
041 _aukr
080 _a821.161.2
260 _aМ.
_bВоениздат
_c1978
650 7 _a82 Література. Літературознавство
_2UDC
999 _c374753
_d374753